书目信息 |
| 题名: |
中式住宅
|
|
| 作者: | ;广州市唐艺文化传播有限公司 编著 | |
| 分册: | ||
| 出版信息: | 大连 大连理工大学出版社 2007.05 |
|
| 页数: | 269页 | |
| 开本: | 25×26cm | |
| 丛书名: | ||
| 单 册: | ||
| 中图分类: | TU241-64 | |
| 科图分类: | ||
| 主题词: | 居住建筑--ju zhu jian zhu--建筑设计--中国--图集 | |
| 电子资源: | ||
| ISBN: | 978-7-5611-3560-0 | |
| 000 | 01060nam0 2200241 450 | |
| 001 | 012008133195 | |
| 005 | 20080624141352.09 | |
| 010 | @a978-7-5611-3560-0@b精装@dCNY238.00 (含光盘) | |
| 100 | @a20080614d2007 em y0chiy0120 ea | |
| 101 | 0 | @achi |
| 102 | @aCN@b210000 | |
| 105 | @aa z 000yy | |
| 106 | @ar | |
| 200 | 1 | @a中式住宅@Azhong shi zhu zhai@d= Chinese style house@f广州市唐艺文化传播有限公司编著@Fguang zhou shi tang yi wen hua chuan bo you xian gong si bian zhu@zeng |
| 210 | @a大连@c大连理工大学出版社@d2007.05 | |
| 215 | @a269页@c图@d25×26cm@e光盘1片 | |
| 330 | @a本收纵观近几年全国各地中式住宅项目将较好地事例中式精髓且在市场上动作成功、获取业界广泛好评的项目收录成册,以今天中式住宅主要传承的建筑风格为根由,对项目进行了细致的分类。 | |
| 510 | 1 | @aChinese style house@zeng |
| 606 | 0 | @a居住建筑@Aju zhu jian zhu@x建筑设计@y中国@j图集 |
| 690 | @aTU241-64@v4 | |
| 711 | 02 | @a广州市唐艺文化传播有限公司@Aguang zhou shi tang yi wen hua chuan bo you xian gong si@4编著 |
| 801 | 0 | @aCN@bQSSK@c20080624 |
| 905 | @b728559@dTU241-64@eG696@f1 | |
| 中式住宅= Chinese style house/广州市唐艺文化传播有限公司编著.-大连:大连理工大学出版社,2007.05 |
| 269页:图;25×26cm+光盘1片 |
| ISBN 978-7-5611-3560-0(精装):CNY238.00 (含光盘) |
| 本收纵观近几年全国各地中式住宅项目将较好地事例中式精髓且在市场上动作成功、获取业界广泛好评的项目收录成册,以今天中式住宅主要传承的建筑风格为根由,对项目进行了细致的分类。 |
| ● |
| 相关链接 |
|
|
|
正题名:中式住宅
索取号:TU241-64/G696
 
预约/预借
| 序号 | 登录号 | 条形码 | 馆藏地/架位号 | 状态 | 备注 |
| 1 | 728559 | 207285597 | 建筑库101/101建筑库 61排1列2层/ [索取号:TU241-64/G696] | 在馆 |